000 00790nam a2200265Ia 4500
003 OSt
005 20220928114528.0
006 a|||||r|||| 00| 0
007 ta
008 220927b |||||||| |||| 00| 0 eng d
020 _cUKP 120.00
024 _a142556
037 _b49, 28/02/2020, Shivam Book Service
_cTextual
040 _aSDCL
_cSDCL
_beng
041 _2eng
_aeng
082 _aY15.2'P, R0
100 _aPatil Sangita
_9439428
245 0 _aEcofeminism and the indian novel
260 _aNew York
_b Routledge
_c2020
300 _ax,150p.
_ccm.
490 _aRoutledge explorations in environmental studies
650 _aEnglish
942 _hY15.2'P, R0
_cTEXL
_2CC
999 _c755120
_d755120